Meranie vybraných výbuchových parametrov rozvírených prachov v závislosti od vlhkosti

Gespeichert in:
Bibliographische Detailangaben
1. Verfasser: Ďurfina, Patrik (Verfasst von)
Weitere Verfasser: Kuracina, Richard (Betreuung Doktorarbeit)
Format: Manuskript Buch
Sprache:Slowakisch
Veröffentlicht: 2016
Schlagworte:
Online-Zugang:http://is.stuba.sk/zp/portal_zp.pl?podrobnosti=121649
Tags: Tag hinzufügen
Keine Tags, Fügen Sie das erste Tag hinzu!

MARC

LEADER 00000ntm a22000003a 4500
001 stuzp58056
003 SK-STU
005 20160719155442.9
007 ta
008 150427s2015----xo-----f-mn---000-0-slo-d
040 |a STU  |b slo 
041 0 |a slo 
100 1 |a Ďurfina, Patrik  |u 065000  |4 aut  |U MTF Materiálovotechnologická fakulta  |T MTF Ústav integrovanej bezpečnosti  |X 77554  |U M5000  |Y 85  |7 77554 
242 0 1 |a The measurement of selected explosive parameters of raised dust depending on humidity  |y eng 
245 1 0 |a Meranie vybraných výbuchových parametrov rozvírených prachov v závislosti od vlhkosti 
260 |c 2016 
650 4 |a vlhkosť  |2 slo 
650 4 |a výbušnosť prachov  |2 slo 
650 4 |a prach  |2 slo 
650 4 |a humidity  |2 eng 
650 4 |a dust explosivity  |2 eng 
650 4 |a dust  |2 eng 
700 1 |a Kuracina, Richard  |u 065200  |k Z1  |4 ths  |U MTF Ústav integrovanej bezpečnosti  |T MTF Katedra bezpečnostného inžinierstva  |X 38282  |U M5200  |Y 192  |7 A000038282 
856 4 |u http://is.stuba.sk/zp/portal_zp.pl?podrobnosti=121649 
996 |c M* DP-12600  |l MMSKP  |s P  |a 0  |w stuzp58056_0001 
SQL |a stuzp58056  |b DDP  |c SLO  |d Meranie vybraných výbuchových parametrov rozvírených prachov v závislosti od vlhkosti  |e 77554  |f Ďurfina, Patrik  |g 065000  |h 38282  |i Kuracina, Richard  |j 20160530  |k 670  |l 06  |m http://is.stuba.sk/zp/portal_zp.pl?podrobnosti=121649  |n I-IBE  |o 8.3.5. bezpečnosť a ochrana zdravia pri práci